Biblioteca

Algunas cuestiones en torno al problema de la “cristología política” (Registro nro. 69539)

Detalles MARC
000 -LÍDER
Campo fijo de descripción fija 01282nab a2200217 i 4500
001 - NÚMERO DE CONTROL
Campo de control 768714001
003 - IDENTIFICADOR DEL NÚMERO DE CONTROL
Campo de control CO-MdFUSB
005 - FECHA Y HORA DE LA ULTIMA TRANSACCIÓN
control field 20240507144412.0
008 - ELEMENTOS DE LONGITUD FIJA -- INFORMACIÓN GENERAL
Campo fijo de descripción fija -- Información general 240507t1968 sp ||||| |||| 00| 0 spa d
040 ## - FUENTE DE CATALOGACIÓN
Idioma de catalogación spa
Agencia que realiza la transcripción CO-MdFUSB
Agencia que realiza la modificación CO-MdFUSB
041 ## - CÓDIGO DE IDIOMA
Código de idioma para texto/pista de sonido o título separado spa
100 ## - ASIENTO PRINCIPAL--NOMBRE PERSONAL
Nombre personal Schmidt, Hans,
Término relacionador autor
245 ## - TÍTULO
Título Algunas cuestiones en torno al problema de la “cristología política”
Mención de responsabilidad / Hans Schmidt
520 ## - NOTA DE RESUMEN, ETC.
Nota de sumario, etc. ¿Cómo se manifestaron en estas diversas confesiones cristológicas el dinamismo de cara al mundo, el dramatismo social y las perspectivas políticas de la expectación mesiánica veterotestamentaria y de los testimonios cristológicos del Nuevo Testamento? ¿Hasta qué punto fueron desfigurados y transformados tales elementos? ¿En qué medida fueron exagerados o desdibujados? Ese es el problema que vamos a tocar con la obligada brevedad de unas notas, a fin de suscitar y alentar ulteriores reflexiones.
650 #7 - ASIENTO SECUNDARIO DE MATERIA - TERMINO TEMÁTICO
Término temático o nombre geográfico como elemento de entrada Cristología
9 (RLIN) 239
650 #7 - ASIENTO SECUNDARIO DE MATERIA - TERMINO TEMÁTICO
Término temático o nombre geográfico como elemento de entrada Teología política
9 (RLIN) 7184
650 #7 - ASIENTO SECUNDARIO DE MATERIA - TERMINO TEMÁTICO
Término temático o nombre geográfico como elemento de entrada Religión y política
9 (RLIN) 286
773 0# - ASIENTO DE ITEM FUENTE
Biblionumber 49450
Itemnumber 82596
Otro identificador del ítem R2526
Título Revista internacional de teología Concilium
Número de control del registro (CO-MdFUSB)8
Número Internacional Normalizado para Publicaciones Seriadas (ISSN) 0210-1041
Parte(s) relacionada(s) / Volumen., número. (mes año), páginas Número 36, (junio, 1968), páginas: 463 - 475
Enumeración y primera página página: 463
942 ## - TIPO DE MATERIAL (KOHA)
Tipo de Item KOHA Artículos de Revista
945 ## - INFORMACIÓN LOCAL DEL REGISTRO
Catalogador Catherine Arias Alvarez - Practicante SENA

No hay ítems disponibles.

Biblioteca FUSBC | Teléfono: (57+4) 349 88 10 Ext. 141| WhatsApp (+57) 3005338115 
E-mail: biblioteca@unisbc.edu.co | Calle 76 87-14 Robledo Palenque, Medellín, Colombia

Con tecnología Koha